000 00375nam a2200133Ia 4500
008 230917s9999||||xx |||||||||||||| ||und||
040 _e92856
_aMAIN
041 _aEnglish
082 _a617 B469S
100 _aBhinder, Gurcharan Singh
245 0 _aSpecturum of morphological changes in gall bladder in chronic cholecystitis cholelithiasis
300 _a89 p.
942 _cTH
999 _c72303
_d72303